LIBRARY & INFORMATION CENTRE, KCAET, TAVANUR

ONLINE PUBLIC ACCESS CATALOGUE (OPAC)

Maina / (Record no. 6558)

MARC details
000 -LEADER
fixed length control field 00455cam a2200181ua 4500
041 ## - LANGUAGE CODE
Language code of text/sound track or separate title mal
082 ## - DEWEY DECIMAL CLASSIFICATION NUMBER
Classification number 894.812 308
Item number MAD/MA
100 ## - MAIN ENTRY--AUTHOR NAME
Personal name Madhavan Nair, Thinunainarkurichi .
245 ## - TITLE STATEMENT
Title Maina /
250 ## - EDITION STATEMENT
Edition statement 1 /
260 ## - PUBLICATION, DISTRIBUTION, ETC. (IMPRINT)
Place of publication Konni :
Name of publisher Venus Press & Book Depot,.
300 ## - PHYSICAL DESCRIPTION
Number of Pages 104 ; .
942 ## - ADDED ENTRY ELEMENTS (KOHA)
Koha item type Books
Holdings
Withdrawn status Lost status Damaged status Home library Current library Date acquired Cost, normal purchase price Full call number Accession Number Koha item type
Withdrawn     KAUAET KAUAET 07/04/2012 1.50 894.812 308 917 Books
free website counter